000 00700nam a2200253Ia 4500
003 OSt
005 20220925223419.0
006 a|||||r|||| 00| 0
007 ta
008 220923b |||||||| |||| 00| 0 eng d
020 _a0415360145
037 _cGeneral Book
040 _aRTL
_cRTL
_beng
041 _2eng
_aeng
082 _aV4653,3.N, P6
100 _aHAZAN Reuven Y Ed.
_9289609
245 0 _aCohension and discipline in legislatures
260 _aLondon
_bRoutledge
_c2006
300 _a184p
_ccm.
490 _aLibrary of Legislative Studies
650 _aSociology
942 _hV4653,3.N, P6
_cGB
_2CC
999 _c579490
_d579490